Reviews of national science policy. Canada.

Guardado en:
Autor Corporativo: Organisation for Economic Co-operation and Development.
Formato: Libro
Idioma:English
Publicado: [Paris] : Organisation for Economic Co-operation and Development, 1969.
Materias:
Etiquetas: Agregar Etiqueta
Sin Etiquetas, Sea el primero en etiquetar este registro!
LEADER 00711cam a22002055a 4500
001 EIQ.libpla000036
008 701023s1969####fr#a#####b####000#0#eng##
005 20060829153215.0
245 0 0 |a Reviews of national science policy.  |p Canada. 
260 |a [Paris] :  |b Organisation for Economic Co-operation and Development,  |c 1969. 
300 |a 453 p. :  |b il. tablas ;  |c 24 cm. 
504 |a Bibliografía: p. 441-453. 
710 2 |a Organisation for Economic Co-operation and Development. 
043 |a n-cn--- 
082 0 0 |a 607/.2/71 
650 4 |a Ciencia y estado  |z Canadá. 
650 0 |a Science and state  |z Canada. 
010 |a  74506053  
040 |a DLC  |c DLC  |d AR-BbSID 
859 |a AR-BbSID  |b BIB. PLAPIQUI  |h 001.40971  |i or 14  |p 9